PC based software and hardware interfacing of a commercial digital switch / (Record no. 182279)

000 -LEADER
fixed length control field 00766 a2200193 4500
003 - CONTROL NUMBER IDENTIFIER
control field 0
005 - DATE AND TIME OF LATEST TRANSACTION
control field 20251110142526.0
040 ## - CATALOGING SOURCE
Transcribing agency Nust
082 ## - DEWEY DECIMAL CLASSIFICATION NUMBER
Classification number 621.382,MAS
100 ## - MAIN ENTRY--PERSONAL NAME
Personal name Masood, NC Aamir (TCC-04)
9 (RLIN) 131748
245 ## - TITLE STATEMENT
Title PC based software and hardware interfacing of a commercial digital switch /
Statement of responsibility, etc. NC Aamir Masood, CJUO Muhammad Amjad, Syed Muhammad Ali and Ghulam Nazik
260 ## - PUBLICATION, DISTRIBUTION, ETC.
Place of publication, distribution, etc. Rawalpindi
Name of publisher, distributor, etc. MCS (UET Lahore)
Date of publication, distribution, etc. 1996
300 ## - PHYSICAL DESCRIPTION
Extent 75 p.;
505 ## - FORMATTED CONTENTS NOTE
Statement of responsibility Introduction to communication switching (Page-1), Theoretical background (Page-21), Digital switch (Page-35), The interfacing circuitry (Page-47), Software (Page-60).
650 ## - SUBJECT ADDED ENTRY--TOPICAL TERM
Topical term or geographic name entry element UG Priject
9 (RLIN) 131749
651 ## - SUBJECT ADDED ENTRY--GEOGRAPHIC NAME
Geographic name TCC-4
9 (RLIN) 131746
700 ## - ADDED ENTRY--PERSONAL NAME
Personal name Supervised by Maj Raja Iqbal
9 (RLIN) 131750
942 ## - ADDED ENTRY ELEMENTS (KOHA)
Koha item type Project Report
Source of classification or shelving scheme
Holdings
Withdrawn status Lost status Source of classification or shelving scheme Damaged status Not for loan Permanent Location Current Location Shelving location Date acquired Full call number Barcode Date last seen Price effective from Koha item type Public note
          Military College of Signals (MCS) Military College of Signals (MCS) Reference 12/12/2016 621.382,MAS MCSPTC-04 12/08/2016 12/12/2016 Project Report Almirah No.94, Shelf No. 1
© 2023 Central Library, National University of Sciences and Technology. All Rights Reserved.